000 01605cam a22003614a 4500
001 13776849
003 OSt
005 20140310184409.0
008 041109s2005 maua j b 001 0 eng
010 _a 2004026553
020 _a0545242158
040 _aDLC
_cDLC
_dDLC
042 _apcc
043 _ae-it---
050 0 0 _aDG 70.P7
_b.D386 2010
100 1 _aDeem, James M.
_926027
245 1 0 _aBodies from the ash /
_cJames M. Deem.
260 _aNew York :
_bScholastic,
_c2005.
300 _a50 p. :
_bill. (some col.) ;
_c24 x 29 cm.
504 _aIncludes bibliographical references (p. 47-48) and index.
505 0 _aAugust 24 and 25, AD 79 -- Rediscovering Pompeii -- The plaster bodies of Pompeii -- Lives from the ashes -- Herculaneumæs different fate -- A final excavation.
521 _aG9
526 _c1120
650 0 _aExcavations (Archaeology)
_zItaly
_zPompeii (Extinct city)
_vJuvenile literature.
_926028
651 0 _aPompeii (Extinct city)
_vJuvenile literature.
_926029
651 0 _aVesuvius (Italy)
_xEruption, 79
_vJuvenile literature.
_926030
856 4 2 _3Publisher description
_uhttp://www.loc.gov/catdir/enhancements/fy0617/2004026553-d.html
856 4 2 _3Contributor biographical information
_uhttp://www.loc.gov/catdir/enhancements/fy0736/2004026553-b.html
906 _a7
_bcbc
_corignew
_d1
_eecip
_f20
_gy-gencatlg
942 _2lcc
_cBK-SCHOLAS
999 _c34084
_d34084